[Event "Corsica-chT"]
[Site "Travo"]
[Date "2006.03.??"]
[Round "2.5"]
[White "Straboni, Vincent"]
[Black "Gregory, Jacques"]
[Result "0-1"]
[WhiteElo "1499"]
[BlackElo "1290"]
[PlyCount "64"]
[EventDate "2006.04.09"]
[EventType "team"]
[EventRounds "3"]
[EventCountry "FRA"]
[SourceTitle "EXT 2007"]
[Source "ChessBase"]
[SourceDate "2006.11.23"]
[SourceVersion "1"]
[SourceVersionDate "2006.11.23"]
[SourceQuality "1"]

1. e4 e5 2. Nf3 Nc6 3. Bc4 Bc5 4. Nc3 Nf6 5. d3 0-0 6. Bg5 d6 7. Qd2 Nd4 8. Nxd4 exd4 9. Nd5 b5 10. Bxb5 a6 11. Ba4 Bd7 12. Bxd7 Qxd7 13. Nxf6+ gxf6 14. Bxf6 Qg4 15. f3 Qg6 16. Qg5 Bb4+ 17. Kd1 Rfe8 18. Qxg6+ fxg6 19. Bxd4 c5 20. c3 Ba5 21. b4 cxb4 22. cxb4 Bxb4 23. Rb1 a5 24. a3 Bxa3 25. Bc3 a4 26. Ra1 Rab8 27. Ke2 Rb3 28. Kd2 Rc8 29. Rab1 Rbxc3 30. Rb6 Rc2+ 31. Ke3 Bc5+ 32. Kf4 Bxb6 0-1